[Event "NRW-ch U16/18 Girls"]
[Site "Kranenburg"]
[Date "2005.03.30"]
[Round "4"]
[White "Deeke, Doreen"]
[Black "Horwath, Saskia"]
[Result "0-1"]
[WhiteElo "919"]
[BlackElo "1005"]
[PlyCount "66"]
[EventDate "2005.03.28"]
[EventType "swiss"]
[EventRounds "7"]
[EventCountry "GER"]
[SourceTitle "CBM 105 Extra"]
[Source "ChessBase"]
[SourceDate "2005.05.01"]
[SourceVersion "1"]
[SourceVersionDate "2005.05.01"]
[SourceQuality "1"]

1. d4 e6 2. e4 d5 3. Nc3 Bb4 4. Bd2 dxe4 5. Nxe4 Qxd4 6. Bb5+ Bd7 7. Qe2 Ne7 8. Nf3 Qxb2 9. Rd1 Bxd2+ 10. Qxd2 Qxb5 11. Nd6+ cxd6 12. Qxd6 Nf5 13. Qd2 0-0 14. g4 Bc6 15. Qc3 Bxf3 16. Qxf3 Ne7 17. h4 Nbc6 18. h5 f6 19. c3 Rad8 20. h6 Rxd1+ 21. Kxd1 Qb1+ 22. Kd2 Qxa2+ 23. Kc1 g6 24. g5 f5 25. Rd1 a5 26. c4 Qxc4+ 27. Kb1 b5 28. Rc1 Qb4+ 29. Ka1 Rd8 30. Rd1 Qa4+ 31. Kb2 Rxd1 32. Qc3 Qa1+ 33. Kc2 Qc1+ 0-1

[Event "NRW-ch U14 Girls"]
[Site "Kranenburg"]
[Date "2003.04.24"]
[Round "5"]
[White "Horwath, Saskia"]
[Black "Sivaratnarajah, Samatie"]
[Result "0-1"]
[WhiteElo "791"]
[BlackElo "1332"]
[PlyCount "66"]
[EventDate "2003.04.??"]
[EventType "swiss"]
[EventRounds "7"]
[EventCountry "GER"]
[SourceTitle "EXT 2005"]
[Source "ChessBase"]
[SourceDate "2004.11.15"]
[SourceVersion "1"]
[SourceVersionDate "2004.11.15"]
[SourceQuality "1"]

1. e4 e5 2. f4 Nc6 3. Nf3 d6 4. d4 Qe7 5. d5 Nd8 6. Bc4 Nf6 7. Nc3 g6 8. 0-0 Bg7 9. fxe5 dxe5 10. d6 cxd6 11. Bb5+ Nc6 12. Nd5 Nxd5 13. Qxd5 Bd7 14. Ng5 0-0 15. Be3 Be6 16. Nxe6 fxe6 17. Qc4 Rfc8 18. Qb3 a6 19. Bc4 Nd8 20. Rf3 b5 21. Be2 Nc6 22. Raf1 Qd7 23. Bg5 Nd4 24. Qe3 Nxf3+ 25. Rxf3 Rxc2 26. Bd1 Rxb2 27. Qa3 Rb1 28. Rf1 Qa7+ 29. Be3 Qb7 30. Qxd6 Qxe4 31. Qxe6+ Kh8 32. Qh3 a5 33. Bf3 Qxe3+ 0-1

[Event "GER-chT U20 Girls"]
[Site "Meppen"]
[Date "2002.12.30"]
[Round "7.4"]
[White "Gudzik, Georgina"]
[Black "Horwath, Saskia"]
[Result "1-0"]
[WhiteElo "1600"]
[BlackElo "673"]
[PlyCount "69"]
[EventDate "2002.12.27"]
[EventType "team"]
[EventRounds "7"]
[EventCountry "GER"]
[SourceTitle "CBM 092 Extra"]
[Source "ChessBase"]
[SourceDate "2003.03.07"]
[SourceVersion "1"]
[SourceVersionDate "2003.03.07"]
[SourceQuality "1"]

1. e4 e5 2. Nf3 Nc6 3. Bc4 Nf6 4. d3 Bc5 5. Bg5 d6 6. Nc3 Bg4 7. h3 Bxf3 8. gxf3 Qd7 9. Na4 0-0-0 10. Nxc5 dxc5 11. Be3 Qe7 12. a3 h6 13. c3 g5 14. Qd2 Nd7 15. b4 Rhf8 16. Bb5 Qd6 17. Ke2 f5 18. a4 f4 19. Bxc5 Nxc5 20. bxc5 Qxc5 21. Rhb1 a6 22. Bc4 Na5 23. Bd5 Rd6 24. d4 Qa7 25. c4 Rb6 26. Qxa5 Rff6 27. c5 Rxb1 28. Rxb1 exd4 29. Bxb7+ Qxb7 30. Rxb7 Kxb7 31. Qb4+ Kc8 32. Qxd4 Rc6 33. Qd5 Kb7 34. e5 a5 35. e6 1-0

[Event "GER-chT U20 Girls"]
[Site "Meppen"]
[Date "2002.12.29"]
[Round "5.4"]
[White "Hoefner, Nina"]
[Black "Horwath, Saskia"]
[Result "1-0"]
[WhiteElo "1243"]
[BlackElo "673"]
[PlyCount "51"]
[EventDate "2002.12.27"]
[EventType "team"]
[EventRounds "7"]
[EventCountry "GER"]
[SourceTitle "CBM 092 Extra"]
[Source "ChessBase"]
[SourceDate "2003.03.07"]
[SourceVersion "1"]
[SourceVersionDate "2003.03.07"]
[SourceQuality "1"]

1. e4 e5 2. Nc3 Nc6 3. f4 d6 4. Nf3 Nf6 5. Bb5 Bd7 6. d3 Be7 7. fxe5 dxe5 8. Bxc6 Bd6 9. Bxd7+ Qxd7 10. Bd2 0-0-0 11. a3 h6 12. 0-0 g5 13. b4 Nh7 14. Nd5 f5 15. exf5 Qxf5 16. Nd4 Qd7 17. Nf5 Rhf8 18. Nxd6+ Qxd6 19. Qg4+ Rd7 20. Rxf8+ Nxf8 21. Rf1 b6 22. Nf6 Kb7 23. Nxd7 Nxd7 24. Qe4+ Kc8 25. Rf7 Nf6 26. Qa8# 1-0

[Event "GER-chT U20 Girls"]
[Site "Hamburg"]
[Date "2001.12.27"]
[Round "3.4"]
[White "Falke, Miriam"]
[Black "Horwath, Saskia"]
[Result "1-0"]
[WhiteElo "1248"]
[BlackElo "100"]
[PlyCount "45"]
[EventDate "2001.12.??"]
[EventType "team"]
[EventRounds "7"]
[EventCountry "GER"]
[SourceTitle "EXT 2003"]
[Source "ChessBase"]
[SourceDate "2002.11.25"]
[SourceVersion "1"]
[SourceVersionDate "2002.11.25"]
[SourceQuality "1"]

1. e4 e5 2. Nf3 Nc6 3. Bc4 Nf6 4. d3 Bc5 5. Nc3 0-0 6. Bg5 h6 7. Bh4 d6 8. h3 b6 9. Nd5 Bb4+ 10. c3 Kh8 11. Bxf6 Qd7 12. Bxg7+ Kxg7 13. Nxb4 Na5 14. Nd2 Nb7 15. Qf3 b5 16. Bd5 Qe7 17. Nf1 Qg5 18. Qg3 Nc5 19. Qxg5+ hxg5 20. Bxa8 Bd7 21. Bd5 a5 22. d4 Na4 23. Nd3 1-0